Pays qui possédaient Rome à travers l'histoire - Statistiques

Statistiques générales
  • Ce quiz a été pris 162 fois
  • Le résultat moyen est 6 sur 13
Statistiques - réponses
Période Pays % Correct
1870-Aujoud'hui Italie
99%
1809-1814 Empire Français
88%
-27 - 395 Empire Romain
81%
1929-Aujourd'hui Vatican
76%
-509 - -27 République Romaine
55%
754 - 1809/1814-1849 États Pontificaux
53%
395 - 476 Empire Romain d'Occident
39%
585 - 751 Empire Byzantin
36%
962 - 1177 Saint Empire Romain Germanique
36%
751-754 Principauté de Naples
25%
476 - 536/546 - 549/549 - 553 Royaume Ostrogoth
25%
-753 - -509 Royauté Romaine
21%
536 - 546/549-585 Exarchat de Ravenne
5%
Aucun quiz correspondant
Distribution des résultats
% des personnes avec chaque résultat
Percentile par nombre de réponses
Votre historique - résultats
Vous n’avez pas pris ce quiz